|
|
|
|
| LEADER |
01390nam a2200313 a 4500 |
| 001 |
29335 |
| 003 |
BD-DhAAL |
| 005 |
20150602102201.0 |
| 008 |
150602s2001 ctuab b 001 0 eng |
| 010 |
|
|
|a 2001001477
|
| 020 |
|
|
|a 0300091850 (hardback)
|
| 020 |
|
|
|a 9780300098259 (paperback)
|
| 040 |
|
|
|a DLC
|c DLC
|d DLC
|d BD-DhAAL
|
| 043 |
|
|
|a e-uk-en
|
| 050 |
0 |
0 |
|a BR377.5.M67
|b D84 2001
|
| 082 |
0 |
0 |
|a 274.2352
|2 21
|
| 100 |
1 |
|
|a Duffy, Eamon.
|9 11586
|
| 245 |
1 |
4 |
|a The voices of Morebath :
|b Reformation and rebellion in an English village /
|c Eamon Duffy.
|
| 260 |
|
|
|a New Haven :
|b Yale University Press,
|c c2001.
|
| 300 |
|
|
|a xv, 232 p. :
|b ill. (some col.), map ;
|c 25 cm.
|
| 504 |
|
|
|a Includes bibliographical references (p. [200]-208) and index.
|
| 541 |
|
|
|e 29335
|
| 600 |
1 |
0 |
|a Trychay, Christopher,
|d approximately 1490-1574.
|9 11587
|
| 650 |
|
0 |
|a Reformation
|z England
|z Morebath.
|9 11588
|
| 651 |
|
0 |
|a Morebath (England)
|x Church history
|y 16th century.
|9 11589
|
| 942 |
|
|
|2 ddc
|c BK
|
| 999 |
|
|
|c 34581
|d 34581
|
| 952 |
|
|
|0 0
|1 0
|2 ddc
|4 0
|6 274_235200000000000_DUF
|7 0
|9 54004
|a BRACUL
|b BRACUL
|c GEN
|d 2015-06-02
|e Karim International
|g 1440.00
|l 1
|o 274.2352 DUF
|p 3010029335
|r 2017-06-04
|s 2017-05-28
|t 1
|w 2015-06-02
|y BK
|
| 952 |
|
|
|0 0
|1 0
|2 ddc
|4 0
|6 274_235200000000000_DUF
|7 0
|9 54005
|a BRACUL
|b BRACUL
|c GEN
|d 2015-06-02
|e Karim International
|g 1440.00
|l 0
|o 274.2352 DUF
|p 3010029336
|r 2015-06-02
|t 2
|w 2015-06-02
|y BK
|